Paroles - C'est le jour - Roméo et Juliette - Statistiques

Statistiques générales
  • Ce quiz a été pris 30 fois
  • Le résultat moyen est 212 sur 263
Statistiques - réponses
Paroles % Correct
?
100%
je
100%
Je
100%
jour,
100%
jour
100%
jour)
100%
C'est
95%
c'est
95%
(C'est
95%
de
95%
des
95%
le
95%
Le
95%
qui
95%
à
89%
La
89%
la
89%
Les
89%
les
89%
ma
89%
ne
89%
Ne
89%
89%
que
89%
se
89%
15
84%
ans
84%
au
84%
blague
84%
blesse
84%
cœur
84%
Comme
84%
est
84%
et
84%
Et
84%
faiblesse
84%
faire
84%
femmes
84%
J'ai
84%
Juliette
84%
me
84%
mon
84%
Mon
84%
payer
84%
pris
84%
sont
84%
ta
84%
te
84%
tuer
84%
tuer,
84%
un
84%
vais
84%
blesser
79%
Cousin,
79%
cousine,
79%
elle
79%
l'ai
79%
leçons
79%
lui
79%
Lui
79%
mienne
79%
non
79%
par
79%
père
79%
prisons
79%
Roméo
79%
avec
74%
éclate
74%
faite
74%
il
74%
l'orage
74%
Montaigu
74%
première
74%
aimer
68%
auprès
68%
battent
68%
Comment
68%
compte,
68%
compte
68%
dire
68%
du
68%
fils
68%
hommes
68%
jamais
68%
mariage
68%
n'oserai
68%
peut-elle
68%
qu'elle
68%
raté
68%
sauf
68%
seule
68%
suis
68%
toutes
68%
Tybalt
68%
une
68%
aimée
63%
amant
63%
amour
63%
blondes
63%
brunes
63%
d'amour
63%
déchiré
63%
d'honneur
63%
en
63%
excellent
63%
fine
63%
mais
63%
meurent
63%
ont
63%
oui
63%
parlez
63%
pas
63%
secret
63%
Tous
63%
tous
63%
tuerai
63%
vertu
63%
vois
63%
vous
63%
vue
63%
aussi
58%
connais
58%
grandir
58%
n'ai
58%
osé
58%
partir
58%
plaisirs,
58%
saurez,
58%
courrier
53%
désirs,
53%
jalousie
53%
Même
53%
Mourir
53%
mourir
53%
trouverai
53%
ami
47%
Cher
47%
Aujourd'hui
42%
fais
32%
trahit
32%
n'est
26%
Donc,
16%
s'il
16%
Aucun quiz correspondant
Distribution des résultats
% des personnes avec chaque résultat
Percentile par nombre de réponses
Votre historique - résultats
Vous n’avez pas pris ce quiz